|
|
|
|
| LEADER |
00000naa2a2200000 4500 |
| 001 |
162305 |
| 005 |
20231031160327.0 |
| 035 |
|
|
|a (RuTPU)RU\TPU\book\176017
|
| 035 |
|
|
|a RU\TPU\tpu\1968
|
| 090 |
|
|
|a 162305
|
| 100 |
|
|
|a 20090619d1962 k y0rusy50 ca
|
| 101 |
0 |
|
|a rus
|
| 102 |
|
|
|a RU
|
| 200 |
1 |
|
|a К вопросу о генезисе брекчиевых текстур жильного кварца
|f В. И. Баженов
|
| 320 |
|
|
|a Библиогр.: с. 118 (7 назв.)
|
| 463 |
|
0 |
|0 (RuTPU)RU\TPU\book\169849
|t Материалы по минералогии, петрографии и полезным ископаемым Западной Сибири
|f Московское общество испытателей природы (МОИП), Томское отделение ; под ред. И. К. Баженов ; под ред. И. К. Баженова
|v С. 115-118
|d 1962
|p 180 с.
|
| 610 |
1 |
|
|a геолого-географические науки
|
| 610 |
1 |
|
|a труды учёных ТПУ
|
| 700 |
|
1 |
|a Баженов
|b В. И.
|c российский геолог
|c доцент Томского политехнического института
|f 1927-1986
|g Владимир Иванович
|2 stltpush
|3 (RuTPU)RU\TPU\pers\13907
|
| 801 |
|
0 |
|a RU
|b 63413507
|c 20011210
|g PSBO
|
| 801 |
|
2 |
|a RU
|b 63413507
|c 20121224
|g PSBO
|
| 942 |
|
|
|c BK
|